000 01984nam0a2200313 i 4500
001 RU\NLR\BIBL_A\010841534
005 20260409063309.0
010 _a9785699819829
_d1000 экз.
021 _aRU
_b2015-49502
_92936
035 _a(NILC)RuMoRGB-007969750
035 _a(NLR Aleph) 010841534
090 _a10330041
_c10330041
100 _a20150916d2015 u a0rusy50 ca
101 0 _arus
102 _aRU
105 _ay|||n|||000yy
200 1 _aАрбитражный процессуальный кодекс Российской Федерации
_eофициальное издание
_e[от 24 июля 2002 года № 95-Ф3
_eпринят Государственной Думой 14 июня 2002 года
_eодобрен Советом Федерации 10 июля 2002 года
_e(в ред. федеральных законов от 28.07.2004 № 80-Ф3 ... от 06.04.2015 № 82-Ф3,
_eс изм., Федеральным Конституционным законом от 21.03.2014 № 6-ФКЗ, Федеральным законом от 29.12.2014 № 476-Ф3)]
_eтекст с изменениями и дополнениями на 1 июня 2015 года
210 _aМосква
_cЭксмо
_d2015
215 _a188, [1] с.
_d20
225 1 _aЗаконы и кодексы
604 _171001$aРоссийская Федерация
_1500##$aАрбитражный процессуальный кодекс$2nlr_sh2$3RU\NLR\AUTH\661262504
_3RU\NLR\AUTH\661262504
_aРоссийская Федерация
_tАрбитражный процессуальный кодекс
_92086371
686 1 _aХ629.221-324.9(2Р)
740 1 _aРоссийская Федерация
_tЗаконы
_iАрбитражный процессуальный кодекс
_3RU\NLR\AUTH\880379475
_9425334
801 0 _aRU
_bРГБ
_c20150707
_gRCR
942 _cBOOK
980 _aNBR